000 00575nam a2200181Ia 4500
003 GCL
008 140319s9999 xx 000 0 ara d
020 _a3126556290
040 _aGCL /
_cGCL
082 0 4 _aط
_b823.02
_bس ك
100 1 _aسهيل مقل
245 1 0 _aكتبت القصة الساحرة اللطيفة سيمو : عفريت الغابات /
_cسهيل مقل
260 _aسوريا :
_bدار ربيع للنشر ،
_c2003
300 _a21 ص ؛
_c24 سم
650 0 4 _aالقصص القصيرة
650 0 4 _aقصص الاطفال
942 _2ddc
_cBK
999 _c10048
_d10048